Bhagavad Gita, the Song of God. (Record no. 4878)
[ view plain ]
| 000 -LEADER | |
|---|---|
| fixed length control field | 00560nam a2200229 a 4500 |
| 020 ## - INTERNATIONAL STANDARD BOOK NUMBER | |
| ISBN | |
| 082 00 - DEWEY DECIMAL CLASSIFICATION NUMBER | |
| Classification number | 294.5924 |
| Author Cutter | PRA |
| 100 ## - MAIN ENTRY--AUTHOR NAME | |
| Author name | Prabhavananda, Swami |
| 245 ## - TITLE STATEMENT | |
| Title | Bhagavad Gita, the Song of God. |
| 260 ## - PUBLICATION, DISTRIBUTION, ETC. (IMPRINT) | |
| Place of publication | New York |
| Name of publisher | New American Library |
| Year of publication | 1956 |
| 300 ## - PHYSICAL DESCRIPTION | |
| Number of Pages | 143p |
| 500 ## - GENERAL NOTE | |
| General note | includes index and biblioraphy |
| 505 2# - FORMATTED CONTENTS NOTE | |
| Formatted contents note | Conclusion |
| 650 ## - SUBJECT ADDED ENTRY--TOPICAL TERM | |
| Topical Term | Bhagavad Gita |
| 942 ## - ADDED ENTRY ELEMENTS (KOHA) | |
| Koha item type | Books |
| Collection code | Home library | Current library | Date acquired | Cost, normal purchase price | Full call number | Accession Number | Koha item type |
|---|---|---|---|---|---|---|---|
| Henry Martyn Institute Library | Henry Martyn Institute Library | 07/26/2007 | 100.00 | 294.5924 PRA | 08826 | Books |
